| 000 | 02121nam0a2200373 4500 | ||
|---|---|---|---|
| 001 | RU\NLR\BIBL_A\022625462 | ||
| 005 | 20260420053628.0 | ||
| 010 |
_a978-5-907966-65-9 _9100 |
||
| 021 |
_aRU _bКН-П-25-045181 _9КН-П-25-4389 |
||
| 035 | _a(NLR Aleph) 022625462 | ||
| 090 |
_a13684522 _c13684522 |
||
| 100 | _a20250919d2025 k y0rusy50 ca | ||
| 101 | 0 | _arus | |
| 102 | _aRU | ||
| 105 | _aa z 000yy | ||
| 181 | 0 |
_ai _baxxe |
|
| 182 | 0 | _an | |
| 200 | 1 |
_aСоциодинамика России: моделирование и прогнозирование развития человеческого капитала _eмонография _fБлинникова А. В., Головчанов С. С., Горшенин В. П. [и др.] _gредактор: Орехов Виктор Дмитриевич - кандидат технических наук |
|
| 203 |
_aТекст _bвизуальный _cнепосредственный |
||
| 210 |
_aЯрославль _cКанцлер _d2025 |
||
| 215 |
_a271 с. _cил., табл. _d30 |
||
| 300 | _aАвт. указаны на обороте тит. с. | ||
| 300 | _aНа 270-й с. авт.: Блинникова А. В. - канд. экон. наук, доц., Головчанов С. С. - канд. соц. наук, доц., Горшенин В. П. - д-р экон. наук, проф. [и др.] | ||
| 320 | _aБиблиогр. в конце гл. и в подстроч. примеч. | ||
| 606 | 1 |
_aКапитал человеческий _92152741 _3RU\NLR\AUTH\661296254 |
|
| 686 | 1 | _aУ010.033 | |
| 701 | 1 |
_7ca _8rus _aБлинникова _bА. В. _gАлла Викторовна _931116 _3RU\NLR\AUTH\7748181 |
|
| 701 | 1 |
_aГоловчанов _bС. С. _gСергей Станиславович |
|
| 701 | 1 |
_aГоршенин _bВ. П. _cд-р экон. наук, менеджмент _f1958- _gВладимир Петрович _9148869 _3RU\NLR\AUTH\770148905 |
|
| 702 | 1 |
_aОрехов _bВ. Д. _gВиктор Дмитриевич _4340 |
|
| 942 | _cBOOK | ||
| 980 | _aNB | ||